[Event "AUTO-OPEN-1394"]
[Site "http://www.queenalice.com/game.php?id=518865"]
[Date "2009.1.7"]
[Round "1"]
[White "jimmi"]
[Black "PHN"]
[Result "1-0"]
[WhiteElo "1513"]
[BlackElo "1551"]

1. e4 e5 2. Nc3 c6 3. Nf3 f6 4. d4 exd4 5. Nxd4 Nh6 6. Nf5 Ng4 7. Qxg4 g6 8. Nd4
Qe7 9. Be2 c5 10. Ndb5 Na6 11. Nd5 Qe5 12. Bd2 d6 13. Qf4 Qxf4 14. Bxf4 Rb8 15.
Nxd6+ Bxd6 16. Bxd6 Ra8 17. Bxa6 Kf7 18. O-O bxa6 19. Bxc5 Bb7 20. Rad1 Rac8 21.
Bb4 Rc4 22. Bc3 Rxe4 23. Bxf6 Rf8 24. f3 Re6 25. Rfe1 Bc6 26. Rxe6 Bb7 27. Re7+
Kg8 28. Rxb7 a5 29. Rg7+ Kh8 30. Rf7+ Kg8 31. Rxf8+ Kxf8 32. Bd4 Kf7 33. Re1 Kf8
34. Re7 a4 35. Rxa7 Kg8 36. b4 Kf8 37. b5 1-0

[Event "AUTO-OPEN-1394"]
[Site "http://www.queenalice.com/game.php?id=518866"]
[Date "2009.1.7"]
[Round "1"]
[White "PHN"]
[Black "Nigo"]
[Result "1-0"]
[WhiteElo "1624"]
[BlackElo "1521"]

1. e4 e5 2. h4 Nc6 3. c3 Nf6 4. f3 Bc5 5. a3 d5 6. d3 dxe4 7. fxe4 Bxg1 8. Rxg1
O-O 9. Be2 Be6 10. g4 Nd7 11. b4 Qxh4+ 12. Kd2 a5 13. b5 Ne7 14. Rh1 Qg3 15. Kc2
1-0

[Event "AUTO-OPEN-1394"]
[Site "http://www.queenalice.com/game.php?id=518867"]
[Date "2009.1.7"]
[Round "1"]
[White "Nigo"]
[Black "PHN"]
[Result "0-1"]
[WhiteElo "1521"]
[BlackElo "1591"]

1. e4 e5 2. Nf3 Nc6 3. Bc4 h5 4. Nc3 Nf6 5. O-O a6 6. d3 b5 7. Bd5 Nxd5 8. exd5
Nd4 9. Nxe5 Qe7 10. Re1 Qc5 11. Ng6+ Kd8 12. Nxh8 Be7 13. Nxf7+ Ke8 14. Ne4 Qxd5
0-1

[Event "AUTO-INT-1189"]
[Site "http://www.queenalice.com/game.php?id=533123"]
[Date "2009.2.1"]
[Round "1"]
[White "po"]
[Black "PHN"]
[Result "1-0"]
[WhiteElo "1332"]
[BlackElo "1579"]

1. e4 e6 2. d4 Nf6 3. Nc3 c6 4. Bc4 b5 5. Bd3 Na6 6. e5 Nd5 7. Nxd5 cxd5 8. Bf4
g5 9. Bd2 Rb8 10. Nf3 h6 11. O-O f5 12. h3 g4 13. hxg4 fxg4 14. Nh2 h5 15. g3
Rg8 16. Kg2 h4 17. Nxg4 d6 18. Nf6+ Kf7 19. Qh5+ Ke7 20. Nxg8+ Kd7 21. Qf7+ Be7
22. Nxe7 Qh8 23. Ng6+ Kc6 24. Nxh8 Kb6 25. exd6 Rb7 26. Qf3 Nb8 27. a4 a6 28.
axb5 axb5 29. Ba5+ Kc6 30. Nf7 Ra7 31. Bc7 Na6 32. Ne5+ Kb7 33. Bxb5 Nb8 34.
Rxa7+ Kxa7 35. Qa3+ Kb7 36. Ra1 Bd7 37. Ba6+ Nxa6 38. Qxa6# 1-0

[Event "AUTO-INT-1189"]
[Site "http://www.queenalice.com/game.php?id=533124"]
[Date "2009.2.1"]
[Round "1"]
[White "PHN"]
[Black "po"]
[Result "0-1"]
[WhiteElo "1678"]
[BlackElo "1441"]

1. e4 e5 2. Bc4 Nf6 3. Nc3 Bc5 4. Nf3 d6 5. Nh4 Nxe4 6. Qf3 Qxh4 7. Qxf7+ Kd8 8.
Qf3 Bxf2+ 9. Kd1 Nxc3+ 10. Qxc3 Bg4+ 11. Be2 Bd4 12. Qd3 Bxe2+ 13. Qxe2 Rf8 14.
c3 Rf2 15. Qe1 Qg4+ 16. Kc2 Qf5+ 17. Kb3 Qe6+ 18. c4 b5 19. Kc2 Qxc4+ 20. Kd1
Nc6 21. b3 Qc5 22. Rb1 Nb4 23. Ba3 Qc2# 0-1

[Event "AUTO-INT-1189"]
[Site "http://www.queenalice.com/game.php?id=533137"]
[Date "2009.2.1"]
[Round "1"]
[White "PHN"]
[Black "Matuto_do_Vale"]
[Result "1-0"]
[WhiteElo "1545"]
[BlackElo "1732"]

1. e4 c5 2. d4 d6 3. Bf4 Nc6 4. d5 Nd4 5. c3 Qb6 6. cxd4 Qxb2 7. Nd2 Qxd4 8.
Ngf3 Bg4 9. Bb5+ Kd8 10. Be3 Qc3 11. h3 Bxf3 12. gxf3 e6 13. Rb1 g6 14. Qa4 Ne7
15. Bg5 h6 16. Bf4 e5 17. Be3 f5 18. O-O b6 19. Qa6 Rc8 20. Rfc1 Qa5 21. Qb7 Rc7
22. Qb8+ Nc8 23. a4 c4 24. Nxc4 Rxc4 25. Rxc4 Ke7 26. Qc7+ Kf6 27. f4 a6 28. Be8
Ne7 29. Qxd6+ Kg7 30. Qe6 h5 31. Qf7+ Kh6 32. fxe5+ g5 33. Rc6+ Ng6 34. Qxg6#
1-0

[Event "AUTO-INT-1189"]
[Site "http://www.queenalice.com/game.php?id=533138"]
[Date "2009.2.1"]
[Round "1"]
[White "Matuto_do_Vale"]
[Black "PHN"]
[Result "1-0"]
[WhiteElo "1753"]
[BlackElo "1560"]

1. b3 e5 2. Bb2 Bc5 3. e3 d5 4. Bxe5 f6 5. Bb2 a5 6. a4 Nc6 7. Bd3 Nh6 8. Nf3
Nb4 9. Qe2 b6 10. Bb5+ c6 11. Bd3 Bf5 12. Bxf5 Nxf5 13. e4 Ne7 14. d4 Bd6 15. e5
fxe5 16. dxe5 Bc5 17. Nd4 Qd7 18. e6 Qd6 19. Nd2 Rf8 20. Rf1 Qf4 21. N2f3 Qg4
22. Rg1 Rf4 23. Bc1 Re4 24. Be3 Na6 25. h3 Qg6 26. Qd3 Bb4+ 27. Ke2 c5 28. Qb5+
Kd8 29. Nc6+ Nxc6 30. Qxc6 Ra7 31. Qxb6+ Rc7 32. Qxa6 Rxe6 33. Qa8+ Kd7 34.
Qxd5+ Ke7 35. Qg5+ Qf6 36. Qxf6+ gxf6 37. Kd3 Rd7+ 38. Ke2 h6 39. Rad1 Rxd1 40.
Rxd1 1-0

[Event "AUTO-INT-1189"]
[Site "http://www.queenalice.com/game.php?id=533139"]
[Date "2009.2.1"]
[Round "1"]
[White "PHN"]
[Black "nonpop"]
[Result "0-1"]
[WhiteElo "1551"]
[BlackElo "1755"]

1. e4 c5 2. d4 cxd4 3. Qxd4 Nc6 4. Qc4 Nf6 5. Nf3 e6 6. h3 d5 7. Qa4 dxe4 8. Ng5
Bd7 9. Bf4 Nb4 10. Qb3 Rc8 11. c3 Nfd5 12. Be5 Nc6 13. Bg3 h6 14. Nxe4 b6 15.
Be2 Be7 16. f3 Ne3 17. Bf2 Nxg2+ 18. Kf1 Nf4 19. Ba6 Na5 20. Qc2 Rc6 21. Na3 Bc8
22. Bb5 O-O 23. Bxc6 Nxc6 24. Be3 e5 25. Nc4 Bxh3+ 26. Ke1 Bh4+ 27. Bf2 Ng2+ 28.
Kf1 Ne3+ 29. Ke2 Nxc2 30. Rac1 f5 31. Rxh3 fxe4 32. Bxh4 Qd7 33. Rg3 exf3+ 34.
Rxf3 Qg4 35. Rf1 Rxf3 36. Rxf3 Qg2+ 37. Bf2 N2d4+ 38. cxd4 Nxd4+ 39. Kd2 Nxf3+
40. Ke2 e4 41. Ke3 Ng5 42. Ke2 Qf3+ 43. Ke1 Nh3 44. Be3 g5 45. Kd2 g4 46. Ne5
Qg2+ 47. Kc3 g3 48. Bxh6 Qh1 49. Kd4 g2 50. Kd5 g1=Q 51. Kd6 Qd4+ 0-1

[Event "AUTO-INT-1189"]
[Site "http://www.queenalice.com/game.php?id=533140"]
[Date "2009.2.1"]
[Round "1"]
[White "nonpop"]
[Black "PHN"]
[Result "1-0"]
[WhiteElo "1766"]
[BlackElo "1541"]

1. e4 e5 2. Nf3 d6 3. d4 f6 4. Nc3 c6 5. dxe5 fxe5 6. Bg5 Nf6 7. Bc4 Qb6 8. b3
Ng4 9. O-O h6 10. Bd2 Qc7 11. h3 Nf6 12. Re1 g5 13. Nd5 cxd5 14. exd5 g4 15.
hxg4 Qb6 16. Bc3 Nxg4 17. Re2 Rg8 18. Bd2 Qc7 19. Nh4 Qg7 20. f3 Nf6 21. Bc3 a6
22. a4 Be7 23. Be1 Bd8 24. Bd3 Nh5 25. Qd2 Nf4 26. Re4 Nd7 27. Nf5 Qg6 28. g4 h5
29. Nh4 Qh6 30. Nf5 Qg6 31. Qxf4 Nc5 32. Nxd6+ Qxd6 33. Rxe5+ Be7 34. Bh4 Ne6
35. dxe6 Rg7 36. Bf6 Rg8 37. Bh7 Rf8 38. Bg6+ Kd8 39. Bxe7+ Kxe7 40. Qg5+ Rf6
41. Qxh5 b6 42. Qh7+ Kd8 43. Qh8+ Kc7 44. Qxf6 Bb7 45. Qf7+ Kb8 46. Rh5 Qd4+ 47.
Kg2 Qxa1 48. e7 Ka7 49. e8=Q Rxe8 50. Qxe8 Qd1 51. Be4 Qd2+ 52. Kh3 1-0

[Event "AUTO-ADV-1214"]
[Site "http://www.queenalice.com/game.php?id=538266"]
[Date "2009.2.10"]
[Round "1"]
[White "PHN"]
[Black "chunyi2012"]
[Result "0-1"]
[WhiteElo "1564"]
[BlackElo "1965"]

1. e4 e5 2. d4 exd4 3. Qxd4 Nc6 4. Qc4 d6 5. Be2 Qh4 6. g3 Qe7 7. h4 Be6 8. Qb5
Rb8 9. Bg5 f6 10. Bf4 a6 11. Qd3 h6 12. Bh5+ Bf7 13. Bg4 g5 14. Be3 Bg6 15. Nc3
Nb4 16. Qd2 Bxe4 17. Bh5+ Kd8 18. f3 Nxc2+ 19. Kd1 Nxa1 20. fxe4 Bg7 21. Qc1 f5
22. Nge2 fxe4 23. Qxa1 Nf6 24. Bg6 Qe6 25. Rf1 Ng4 26. Bd2 Qxg6 27. Qc1 Re8 28.
Nd5 Rc8 29. hxg5 h5 30. Rh1 Nf2+ 31. Kc2 e3+ 32. Kb3 exd2 33. Qxd2 Nxh1 34. Nef4
Qxg5 35. Qh2 Qxg3+ 36. Qxg3 Nxg3 37. Nd3 h4 38. Nf2 Bd4 39. Nd1 h3 40. N1c3 c6
41. Nb4 Bxc3 42. bxc3 h2 43. Ka3 h1=Q 44. Nd3 Re3 45. Nb4 Qc1+ 46. Kb3 Qxc3+ 0-1

[Event "AUTO-ADV-1214"]
[Site "http://www.queenalice.com/game.php?id=538267"]
[Date "2009.2.10"]
[Round "1"]
[White "chunyi2012"]
[Black "PHN"]
[Result "1-0"]
[WhiteElo "1815"]
[BlackElo "1636"]

1. e4 e5 2. Nf3 Nc6 3. Bc4 Nf6 4. d3 h6 5. O-O Bd6 6. a3 g5 7. h3 g4 8. Nh4 Rg8
9. Kh2 Bc5 10. Nf5 d6 11. Nxh6 Rg6 12. Bxf7+ Kf8 13. Bxg6 gxh3 14. gxh3 Ng8 15.
Qf3+ Nf6 16. Rg1 Nd4 17. Qd1 Qd7 18. Rg3 d5 19. c3 Nc6 20. Qf3 Be7 21. Bf5 Qe8
22. Bxc8 Rxc8 23. Rg8# 1-0

[Event "AUTO-ADV-1214"]
[Site "http://www.queenalice.com/game.php?id=538268"]
[Date "2009.2.10"]
[Round "1"]
[White "PHN"]
[Black "anandya"]
[Result "0-1"]
[WhiteElo "1527"]
[BlackElo "1811"]

1. e4 e5 2. Nc3 Bc5 3. Qf3 Nf6 4. h3 c6 5. a3 d6 6. Na4 Bb6 7. Qg3 O-O 8. Nf3
Nh5 9. Qh2 Re8 10. g4 Nf4 11. g5 Nd7 12. h4 Nf8 13. Bc4 Bg4 14. Ng1 d5 15. Bb3
dxe4 16. Qg3 Bh5 17. Nh3 Qd6 18. Bc4 N8e6 19. d3 Bf3 20. Rg1 Nxh3 21. Qxh3 Bh5
22. Qg3 Nd4 0-1

[Event "AUTO-ADV-1214"]
[Site "http://www.queenalice.com/game.php?id=538269"]
[Date "2009.2.10"]
[Round "1"]
[White "anandya"]
[Black "PHN"]
[Result "1-0"]
[WhiteElo "1806"]
[BlackElo "1532"]

1. e4 e5 2. Bc4 Nh6 3. d3 Qf6 4. Bxh6 Qxh6 5. Nc3 c6 6. Qf3 f6 7. Nge2 Na6 8.
Bxa6 bxa6 9. O-O d6 10. Ng3 Qg6 11. h3 h5 12. Nf5 h4 13. Kh1 d5 14. Rfe1 d4 15.
Ne2 Be6 16. c3 Bf7 17. cxd4 Qg5 18. dxe5 fxe5 19. d4 Bh5 20. Qc3 Rc8 21. Qc4 c5
22. Qe6+ Kd8 23. dxe5 1-0

[Event "AUTO-ADV-1214"]
[Site "http://www.queenalice.com/game.php?id=538270"]
[Date "2009.2.10"]
[Round "1"]
[White "PHN"]
[Black "black13"]
[Result "0-1"]
[WhiteElo "1543"]
[BlackElo "1920"]

1. e4 e5 2. g3 Bc5 3. Nh3 Qf6 4. f3 d6 5. c3 a6 6. b4 Bb6 7. Na3 Be6 8. d3 h6 9.
Nc4 Bxc4 10. dxc4 Qe6 11. Ba3 Nf6 12. Qd2 Nbd7 13. Bc1 c5 14. bxc5 Bxc5 15. f4
exf4 16. Nf2 fxg3 17. hxg3 Bxf2+ 18. Qxf2 Ne5 19. Bg2 Nd3+ 20. Ke2 Nxf2 21. Kxf2
Nxe4+ 22. Kg1 Nxg3 23. Rh3 O-O 24. Rxg3 Qxc4 25. Bxh6 Rfb8 26. Rf1 g6 0-1

[Event "AUTO-ADV-1214"]
[Site "http://www.queenalice.com/game.php?id=538271"]
[Date "2009.2.10"]
[Round "1"]
[White "black13"]
[Black "PHN"]
[Result "1-0"]
[WhiteElo "1944"]
[BlackElo "1564"]

1. e4 e5 2. Nf3 d6 3. d4 b6 4. dxe5 h6 5. exd6 cxd6 6. Qd5 Qc7 7. Qxa8 Nf6 8.
Bb5+ Kd8 9. Nd4 d5 10. exd5 Bb4+ 11. c3 Bd6 12. Nc6+ Nxc6 13. Qxc6 Re8+ 14. Be3
Bb7 15. Qxc7+ Bxc7 16. Bxe8 Nxe8 17. c4 a6 18. O-O Nd6 19. b3 Ke7 20. Re1 Kd7
21. Nd2 f6 22. Bf4 g5 23. Bxd6 Bxd6 24. Re6 Bc7 25. Rxf6 Kc8 26. Rxh6 b5 27. Re1
1-0

[Event "AUTO-INT-1200"]
[Site "http://www.queenalice.com/game.php?id=538556"]
[Date "2009.2.11"]
[Round "1"]
[White "Hermano"]
[Black "PHN"]
[Result "1-0"]
[WhiteElo "1890"]
[BlackElo "1534"]

1. e4 e5 2. Nf3 d6 3. h3 Nf6 4. Bc4 h6 5. d3 Qd7 6. Nc3 a6 7. a3 c6 8. b4 b5 9.
Bb3 Nh5 10. Bd2 a5 11. O-O g5 12. Nxe5 dxe5 13. Qxh5 Rh7 14. Bxg5 axb4 15. axb4
Rxa1 16. Rxa1 Na6 17. Ne2 Qb7 18. Bd2 Bd7 19. Qxe5+ Be7 20. Ng3 f6 21. Qf4 Qc8
22. Qh4 Kd8 23. c3 f5 24. Qh5 fxe4 25. Nxe4 Be8 26. Qf3 h5 27. Nf6 Bxf6 28.
Qxf6+ Kc7 29. Be6 Bd7 30. Bxd7 Rxd7 31. d4 Kb6 32. Be3 Kb7 33. Qf5 Qd8 34. Qxh5
1-0

[Event "AUTO-INT-1200"]
[Site "http://www.queenalice.com/game.php?id=538557"]
[Date "2009.2.11"]
[Round "1"]
[White "PHN"]
[Black "Hermano"]
[Result "0-1"]
[WhiteElo "1563"]
[BlackElo "1871"]

1. e4 e5 2. Nf3 Nc6 3. c4 Bc5 4. d3 d6 5. h3 h6 6. a3 Qf6 7. Qd2 a5 8. Nc3 Be6
9. Nb5 Qd8 10. g4 Nge7 11. g5 Ng6 12. Qc2 Nf4 13. h4 Bg4 14. Qd1 hxg5 15. Nc3
Nd4 16. Qa4+ c6 17. Nxg5 Qd7 18. b4 b5 19. cxb5 cxb5 20. Nxb5 Nxb5 21. Qb3 axb4
22. a4 Nd4 23. Qb2 Rxa4 24. Ra2 b3 25. Ra1 Rxa1 26. Qxa1 Nc2+ 27. Kd2 Nxa1 28.
Bb2 Qa4 29. f3 Qa2 30. Ke1 Qb1+ 31. Kd2 Qxb2+ 32. Ke1 Qf2+ 0-1

[Event "AUTO-INT-1200"]
[Site "http://www.queenalice.com/game.php?id=538572"]
[Date "2009.2.11"]
[Round "1"]
[White "Patt"]
[Black "PHN"]
[Result "1-0"]
[WhiteElo "1400"]
[BlackElo "1500"]

1. e4 e5 2. Bc4 f6 3. Bxg8 Rxg8 4. Nf3 g5 5. O-O d6 6. Nc3 c6 7. d3 g4 8. Nh4 b5
9. Be3 Be6 10. g3 c5 11. Nxb5 a6 12. Nc3 Nc6 13. Na4 Ne7 14. Nb6 Qxb6 15. c4 f5
16. exf5 Bd7 17. f6 Nf5 18. Nxf5 Bxf5 19. Bg5 1-0

[Event "AUTO-INT-1200"]
[Site "http://www.queenalice.com/game.php?id=538573"]
[Date "2009.2.11"]
[Round "1"]
[White "PHN"]
[Black "Patt"]
[Result "0-1"]
[WhiteElo "1522"]
[BlackElo "1378"]

1. e4 e5 2. d4 Nc6 3. c3 exd4 4. cxd4 Bb4+ 5. Nc3 Nf6 6. f3 O-O 7. a3 Bxc3+ 8.
bxc3 Na5 9. Nh3 d6 10. Bd3 Bxh3 11. gxh3 Nb3 12. Qxb3 Qd7 13. Qb2 Qxh3 14. Qe2
Nh5 15. Bf4 Nxf4 16. Qd2 Ng2+ 17. Kd1 Qxf3+ 18. Be2 Qf6 19. Bf1 Nf4 0-1